Most patriotic countries Quiz (sprint) - Statistics

General Stats
  • This quiz has been taken 24 times
  • The average score is 8 of 16
Answer Stats
Hint Answer % Correct
41% USA
94%
5% France
82%
5% Germany
76%
13% UK
76%
34% Australia
53%
11% Finland
53%
36% India
53%
7% Sweden
53%
11% Norway
47%
13% Denmark
41%
14% Indonesia
35%
25% Saudi Arabia
29%
25% Thailand
29%
6% Vietnam
24%
11% Malaysia
18%
15% Philipines
6%
No matching quizzes found
Score Distribution
Percent of People with Each Score
Percentile by Number Answered
Your Score History
You have not taken this quiz